000 00749nam a22002417a 4500
999 _c33658
_d33658
001 2932
003 CO-MdFUSB
005 20180622073125.0
008 180417t1991 xxu||||| |||| 00| 0 eng d
020 _a0-8308-1749-2
040 _aCO-MdFUSB
_bspa
_cCO-MdFUSB
_dCO-MdFUSBC
_erda
041 0 _aeng
082 0 4 _aG 227.81 S8885g
100 1 _aStott, John R. W.
_eautor
245 1 4 _aThe gospel & the end of time
_b : The message of 1 & 2 Thessalonians
_c / John Stott
264 4 _aDowners Grove, Illinois :
_b InterVarsity,
_c©1991
300 _a220 Pag.
336 _2rdacontent
_atexto
_btxt
337 _2rdamedia
_asin mediación
_bn
338 _2rdacarrier
_avolumen
_bnc
653 _aBiblia N.T - Tesalonicenses - Comentarios
942 _cBK